LEADER 01084nam0 22003013i 450 001 PUV0838668 005 20231121125619.0 010 $a0471517461 010 $a047185526X 100 $a20141021d1990 ||||0itac50 ba 101 | $aeng 102 $aus 181 1$6z01$ai $bxxxe 182 1$6z01$an 200 1 $aFundamentals of fluid mechanics$fBruce R. Munson, Donald F. Young, Theodore H. Okiishi 210 $aNew York$cWiley$dc1990 215 $aXVI, 843 p$d26 cm. 700 1$aMunson$b, Bruce R.$3MILV163778$4070$0500271 701 1$aYoung$b, Donald F.$3MILV163779$4070$0500272 701 1$aOkiishi$b, Theodore H.$3MILV163781$4070$0500273 801 3$aIT$bIT-01$c20141021 850 $aIT-FR0099 899 $aBiblioteca Area Ingegneristica$bFR0099 912 $aPUV0838668 950 0$aBiblioteca Area Ingegneristica$d 54DII 620.1 MUN$e 54VM 0000342775 VM barcode:BAIN002141. - Inventario:2407DVM$fA $h20030715$i20121204 977 $a 54 996 $aFundamentals of Fluid Mechanics$9744489 997 $aUNICAS